000 00491nam a2200193Ia 4500
001 13469
003 GE_BSU
008 181216s||||||||xx |||||||||||||| ||und||
040 _cGE_BSU
080 _a643/645
245 _aRepair Manual.The complete Guide to Home Maintenance
260 _aLondon
260 _bReaders digest association limited
260 _c1972
300 _a703p.19cm.ill.
653 _aRepair Manual
653 _aThe complete Guide to Home Maintenance
942 _cBK
999 _c46629
_d46629